000 00457nam a2200157Ia 4500
008 210716s2004 xx 000 0 und d
020 _a8185386633
041 _aeng
082 _a659.1 SANC
100 _aSandage, C H;Fryburger, Vernon;Rotzoll, Kim.
245 _aAdvertising: theory and practice.
_bTheory and practice.
250 _a11
260 _aNew Delhi
_bA.I.T.B.S. Publishers & Distributors
_c2004
300 _axv,509
650 _aAdvertising
999 _c198009
_d198009